| 000 | 00525nam a2200181 a 4500 | ||
|---|---|---|---|
| 001 | 000032869 | ||
| 005 | 20230331073627.0 | ||
| 008 | 110801s1962 dr a 000 0 spa d | ||
| 040 |
_aDO-SdBNP _bspa _cBNPHU |
||
| 082 |
_axxx _bH557s |
||
| 100 |
_aHernández Rueda, Lupo, _d1930-2017 _923790 |
||
| 245 | 1 | 0 |
_aSanto Domingo vertical / _cLupo Hernández Rueda. |
| 260 |
_aSanto Domingo : _bBrigadas Dominicanas, _c1962. |
||
| 300 |
_a37 p. : _bil. ; _c24 cm. |
||
| 490 | 1 | _aBaluarte | |
| 830 | 0 |
_aBaluarte _935758 |
|
| 049 | _aBNPD | ||
| 999 |
_c32360 _d32360 |
||